[Event "HCL-E1549"]
[Site "www.playchess.de"]
[Date "2006.03.23"]
[Round "5"]
[White "DreamGamer"]
[Black "baggur"]
[WhiteElo "1622"]
[BlackElo "1631"]
[PlyCount "100"]
[Result "0-1"]

1.e4 c5 2.Nf3 d6 3.d4 cxd4 4.Nxd4 Nf6 5.Nc3 a6 
6.Be3 e6 7.Be2 Be7 8.Nb3 Nc6 9.O-O O-O 10.Qd3 b5 
11.Rfd1 Qc7 12.a3 Bb7 13.Bg5 Rac8 14.Bxf6 gxf6 
15.Qg3+ Kh8 16.Qh3 Ne5 17.Rd4 Ng6 18.Qg3 Rfg8 
19.Rad1 Ne5 20.Qh3 Nc4 21.Bxc4 bxc4 22.Nd2 d5 
23.exd5 exd5 24.Nxd5 Bxd5 25.Rxd5 c3 26.Rd7 Qe5 
27.Nf3 Qe2 28.Re1 Qxc2 29.Rdxe7 cxb2 30.Rb7 Rcb8 
31.Qh6 b1Q 32.Qxf6+ Rg7 33.Rbxb1 Qxb1 34.Qxa6 Qf5 
35.Qd6 Rbg8 36.Nh4 Qg4 37.Qf6 Qg5 38.Qd4 Rd8 
39.Qe4 Rgg8 40.Nf5 Rde8 41.Ng3 Rxe4 42.Rxe4 Qc1+ 
43.Nf1 Rb8 44.Rb4 Re8 45.g4 Re1 46.Kg2 Rxf1 
47.Rb8+ Kg7 48.h3 Qe1 49.Rb2 Rg1+ 50.Kf3 
Qc3+ 0-1

[Event "HCL-B3816"]
[Site "www.playchess.de"]
[Date "2006.03.23"]
[Round "3"]
[White "stravaganza"]
[Black "REIS"]
[WhiteElo "1200"]
[BlackElo "1276"]
[PlyCount "58"]
[Result "0-1"]

1.e4 d6 2.d4 c6 3.Nc3 e6 4.Nf3 Be7 5.Be3 Nf6 6.Bd3 
b5 7.O-O a6 8.Qe1 Bb7 9.Rd1 h6 10.a3 Nbd7 11.b3 g5 
12.b4 Nb6 13.h3 Qc7 14.Nb1 Kd7 15.g4 Rag8 16.c3 
Ne8 17.Qe2 f6 18.Nbd2 h5 19.gxh5 Rxh5 20.Nh2 Rxh3 
21.e5 Rgh8 22.exd6 Qxd6 23.Ng4 R3h1+ 24.Kg2 c5+ 
25.f3 R1h3 26.Qf2 Qc7 27.bxc5 Nd5 28.Rfh1 Nxe3+ 
29.Nxe3 R3h2+ 0-1

[Event "HCL-M900"]
[Site "www.playchess.de"]
[Date "2006.03.23"]
[Round "9"]
[White "Kurt_Rohrer"]
[Black "fjpv"]
[WhiteElo "1922"]
[BlackElo "2257"]
[PlyCount "53"]
[Result "1/2-1/2"]

1.e4 {Hi nice to meet you again!}  e5 {Greetings 
from Portugal. Good luck.
Same feeling this side.
Can we speak in Portuguese?}  2.Nf3 {podemos sim!} 
 Nf6 {É bem melhor falar na nossa língua nativa. 
Desta vez não vou jogar a Filidor   :-)}  3.d4 
{ainda bem, eu fiquei mal na última.}  Nxe4 {É uma 
das minhas armas favoritas com as Pretas contra as 
aberturas de peão de Rei}  4.Bd3 {eu acho que o 
meu sacrificio foi um pouco afoito,mais ficou 
interessante.}  d5 {é uma variante muito intensa 
em sacrificios. Vai ser um jogo interessante}  
5.Nxe5 Nd7 6.Qe2 {É Verdade,espero que fique 
interessante!}  Nxe5 {para mim já está a ser 
interessante pois julgo que nunca jogei esta 
variante. Logo as minhas análises serão 
experimentadas com outros jogadores caso não 
consiga refutar os teus ataques}  7.Bxe4 {Eu 
ganhei e tmbém perdi com esta variante.}  dxe4 {a 
luta pelo centro e a activação prematura da Rainha 
é quase uma certeza de uma troca de Rainhas no 
centro}  8.Qxe4 {Eu acho que vai ser uma boa 
luta.}  Bf5 {certamente, aqui vai a trca de 
Rainhas}  9.Qxe5+ {Engraçado,ninguém nunca jogou 
Bf5 contra  mim nessa variante sempre Be6.}  Qe7 
{Eu gosto se inovar em relação ao normal. A 
variante seria Be6 Qxe5 Qd7 agora três hipóteses 
Be3 ou O-O ou Nc3. Julgo que as 2 primeiras serão 
as melhores linhas}  10.Qxe7+ {Agora e como vc 
queria,não conheço!}  Bxe7 {agora começa o jogo}  
11.c3 {Pra mim e terreno novo.}  O-O-O {Tentar 
aproveitar colunas abertas pois certamente irás 
rocar e neste momento a coluna "d" e "e" são muito 
importantes pois a acção futura será nestas duas 
colunasd}  12.O-O {O melhor desenvolvimento,e as 
peças mais ativas compensam plenamente o peão a 
menos.}  Rhe8 {Talvez mas a ocupação do centro irá 
ter extrema influência na transposição do 
meio-jogo para o final}  13.Be3 {E verdade!}  h6 
{Isto começa a ficar feio para o meu lado. A minha 
ambição é o empate}  14.Nd2 {Ainda tem muita 
luta!}  Bd3 {mas do que analisei desta posição 
parece-me que as Brancas terão uma melhor 
transposição do meio-jogo para o final embora a 
posição seja ainda dúbia}  15.Rfe1 {Eu acho que as 
brancas estão um pouco definido mais não está nada 
definido}  g5 16.f3 f5 {Julgo que o ataque a 
cadeia de peões que protege o teu Rei poderá 
equilibrar o jogo}  17.h3 {Talvez!}  Bd6 {a ala de 
Rainha desenvolvida e a de Rei quase não teve 
desenvolvimento mas o Rei está na mais 
desenvolvida. Estranha posição}  18.Nf1 {Posição 
estranha e interessante.}  Bc4 {concordo 
totalmente}  19.b3 {Interessante sua idéia.}  Be6 
{vamos a ver se as minhas análises não deixaram de 
fora alguma variante}  20.Bd2 {Uma pequena pressão 
na coluna aberta.}  f4 {restringindo o movimento 
do Bispo e ao mesmo tempo restringindo o movimento 
da cadeia de peões que defende o Rei}  21.c4 {eu 
não quero permitir c5 e ao mesmo tempo eu quero  
abrir espaço para meu bispo.}  Bf8 {retirada 
estratégica e ao mesmo tempo abrindo a coluna para 
a Torre}  22.d5 {e outras cositas mais!}  Bc5+ {o 
plano de desenvolvimento é demasiado obvio}  
23.Kh2 Bf5 24.g4 {Complicou pra mim!}  Bd3 {seu 
movimento me surpreendeu, estava à espera de Rxe8 
ou Bc3}  25.Kg2 {Nas minhas análises ficaria mal.} 
 b5 {Por mera curiosidade, de que lugar é do 
Brasil. Eu vivo perto de Lisboa, cerca de 10 Km}  
26.cxb5 {Na verdade sou suiço,e moro no Brasil faz 
20 anos, atualmente resido no ceará uma praia 
perto de canoa quebrada.}  Bxb5 {Já que não é um 
nativo mas adoptou esse país vou fazer uma 
pergunta pertinente. É um país perigoso, no 
aspecto de segurança, as notícias que temos em 
Portugal não são muito abonatórias em relação ao 
Brasil. Já vários turistas foram assaltados em 
Fortaleza}  27.Rxe8 {(offering draw) E 
verdade,onde eu moro ainda está muito tranquilo 
Brasil e 3 mundo violência, corrupção,saúde,e 
justiça ruim em compensação o nordeste e 
paradisíaco clima liberdade alegria e povo humano 
e hospitaleiro.}  1/2-1/2

[Event "HCL-E1598"]
[Site "www.playchess.de"]
[Date "2006.03.23"]
[Round "5"]
[White "Horst"]
[Black "Inge_Heumann"]
[WhiteElo "2100"]
[BlackElo "1731"]
[PlyCount "35"]
[Result "1/2-1/2"]

1.e4 e6 {Hallo aus Oberbayern! Ich wünsche uns 
eine gute Partie!}  2.d3 d5 3.Nd2 Bd6 4.Ngf3 c5 
5.g3 Nc6 6.Bg2 d4 7.Nc4 Bc7 8.a4 Nge7 9.O-O O-O 
10.Nh4 e5 11.f4 exf4 12.gxf4 Ng6 13.Nxg6 fxg6 
14.Bd2 Qh4 15.Qe1 Qe7 16.Qg3 Bd7 17.b3 a6 18.a5 
{(offering draw)}  1/2-1/2

[Event "HCL-T256"]
[Site "www.playchess.de"]
[Date "2006.03.23"]
[Round "10"]
[White "Grabanzito"]
[Black "luciano59"]
[WhiteElo "1807"]
[BlackElo "2261"]
[PlyCount "69"]
[Result "1/2-1/2"]

1.e4 e5 2.f4 exf4 3.Nf3 {Hello from Cologne and 
good luck for the tournament}  g5 {hi from Massa 
Marittima and good game}  4.h4 g4 5.Ne5 d6 6.Nxg4 
Nf6 7.Nf2 Nc6 8.d4 Bh6 9.Nc3 Qe7 10.Be2 Rg8 11.Bf3 
Bd7 12.Ne2 O-O-O 13.Nxf4 Bxf4 14.Bxf4 Nxe4 15.Bxe4 
d5 16.Qd2 dxe4 17.d5 Bf5 18.O-O-O Qc5 19.Be3 Qc4 
20.b3 Qb4 21.g4 Rxg4 22.Nxg4 Qa3+ 23.Kb1 Bxg4 
24.Rdf1 f5 25.Bg5 Nb4 26.c4 Re8 27.Rh2 h5 28.Qe3 
Nd3 29.Rd2 Ne5 30.Bf4 b6 31.Qg3 Qe7 32.Bxe5 Qxe5 
33.Qxe5 Rxe5 34.Kc2 Kd7 35.Rd4 {(offering draw)} 
 1/2-1/2

[Event "HCL-B3946"]
[Site "www.playchess.de"]
[Date "2006.03.23"]
[Round "3"]
[White "errantknight"]
[Black "Mario_Triskal"]
[WhiteElo "1194"]
[BlackElo "1200"]
[PlyCount "49"]
[Result "1-0"]

1.d4 d5 2.Bg5 h6 3.Bh4 Qd7 4.e3 Qd6 5.Bg3 Qb4+ 
6.Nd2 Nf6 7.Qc1 Nc6 {speak english?}  8.c3 {yes, i 
am from england}  Qb5 9.Bxb5 Bd7 {how old are 
you?}  10.Bxc7 {64 last month}  e6 {I´m just 26... 
playing for only 4 years... hope I can give u some 
trouble}  11.Ngf3 Be7 12.Ne5 Nxe5 13.dxe5 Ng4 
14.Bxd7+ Kxd7 15.h3 Nxf2 16.Kxf2 Kxc7 17.c4 Rhc8 
18.cxd5+ Kd8 19.Qd1 exd5 20.Nf3 Rc5 21.Rc1 Rac8 
22.Rxc5 Bxc5 23.Qxd5+ Ke8 24.Qxb7 Kd8 
25.Rd1+ 1-0

[Event "HCL-C4123"]
[Site "www.playchess.de"]
[Date "2006.03.23"]
[Round "13"]
[White "tbouma"]
[Black "Kelthek"]
[WhiteElo "1165"]
[BlackElo "712"]
[PlyCount "115"]
[Result "1/2-1/2"]

1.e4 e5 2.Nf3 Nf6 3.Bc4 Nc6 4.d3 d5 5.exd5 Nxd5 
6.Bxd5 Qxd5 7.Nc3 Qc5 8.O-O Be7 9.Be3 Qb4 10.Bc1 
Bg4 11.Re1 Bd6 12.Nd5 Qc5 13.c4 O-O 14.Bg5 f6 
15.Be3 Nd4 16.Bxd4 exd4 17.h3 Bf5 18.b4 Qc6 19.b5 
Qd7 20.Nxd4 c5 21.Nxf5 Qxf5 22.Re7 Rae8 23.Rxe8 
Rxe8 24.Ne3 Qf4 25.Nf1 Re5 26.Qd2 Qxd2 27.Nxd2 Re2 
28.Ne4 Be5 29.Rb1 b6 30.a4 Ra2 31.Re1 Rxa4 32.g3 
Ra3 33.Rd1 f5 34.Ng5 h6 35.Ne6 Bc3 36.d4 cxd4 
37.Nxd4 Bxd4 38.Rxd4 a5 39.bxa6 Rxa6 40.Rd6 Ra4 
41.Rc6 Rb4 42.f4 g5 43.fxg5 hxg5 44.Kg2 Kf7 45.Kf3 
Rb3+ 46.Kf2 g4 47.Kg2 Rb2+ 48.Kh1 gxh3 49.Rh6 b5 
50.cxb5 Rxb5 51.Kh2 Kg7 52.Rh5 Kg6 53.Rxh3 Rb2+ 
54.Kg1 Kg5 55.Rh2 Rb1+ 56.Kg2 f4 57.gxf4+ Kxf4 
58.Rh1 {(offering draw)}  1/2-1/2

[Event "HCL-A2602"]
[Site "www.playchess.de"]
[Date "2006.03.23"]
[Round "15"]
[White "PhilipKaveny"]
[Black "Erik"]
[WhiteElo "1318"]
[BlackElo "1452"]
[PlyCount "65"]
[Result "1-0"]

1.e4 e5 {Hello and good luck!}  2.Bc4 {You also}  
Qf6 {Thanks.}  3.Nf3 Bc5 4.O-O d6 5.d4 Bxd4 6.Nxd4 
exd4 7.f4 Be6 8.Bxe6 fxe6 9.e5 dxe5 10.fxe5 Qxe5 
11.Bf4 Qc5 12.Kh1 Nd7 13.Nd2 e5 14.Nb3 Qb6 15.Bg5 
Ngf6 16.c4 dxc3 17.bxc3 O-O-O 18.Qf3 Kb8 19.Rab1 
Qa6 20.Bxf6 gxf6 21.Na5 {This is it}  Nb6 
{Almost...}  22.Nb3 {Best---}  Qxa2 {Sorry for the 
extreme delay!}  23.Nc5 {No problem}  c6 24.Qxf6 
Qd5 25.Ne6 Rde8 26.Ng7 Rhg8 27.Rbd1 Re6 28.Qf7 
Rxg7 29.Qf8+ Nc8 30.Rxd5 cxd5 31.Qxg7 h5 32.Rf8 e4 
33.Qg3+ 1-0

[Event "HCL-B3957"]
[Site "www.playchess.de"]
[Date "2006.03.23"]
[Round "9"]
[White "patzer55"]
[Black "larese"]
[WhiteElo "1375"]
[BlackElo "763"]
[PlyCount "49"]
[Result "1-0"]

1.e4 e5 2.Nf3 Nc6 3.Bb5 Nf6 4.O-O Nxe4 5.d4 exd4 
6.Re1 f5 7.Bxc6 dxc6 8.Nxd4 Bc5 9.Be3 O-O 10.Qd3 
Bb6 11.Nc3 c5 12.Qc4+ Kh8 13.Nf3 Re8 14.Rad1 Qf6 
15.Bg5 Qc6 16.Nxe4 fxe4 17.Rxe4 Be6 18.Qe2 h6 
19.Bf4 Bxa2 20.Rxe8+ Rxe8 21.Ne5 Qf6 22.Qe4 c6 
23.Ng6+ Kg8 24.Qxe8+ Kh7 25.Nf8+ 1-0

[Event "HCL-B3860"]
[Site "www.playchess.de"]
[Date "2006.03.23"]
[Round "19"]
[White "vaidasmp"]
[Black "spyros79"]
[WhiteElo "1200"]
[BlackElo "1200"]
[PlyCount "27"]
[Result "1-0"]

1.e4 c5 2.d3 e6 3.Be3 Nf6 4.h3 d5 5.exd5 exd5 6.c3 
Bd6 7.Nd2 O-O 8.d4 cxd4 9.Bxd4 Nc6 10.Nb3 Ne4 
11.Bd3 Nxd4 12.Nxd4 Re8 13.Nge2 Qg5 
14.O-O 1-0

[Event "HCL-B3935"]
[Site "www.playchess.de"]
[Date "2006.03.23"]
[Round "16"]
[White "Azimut"]
[Black "slavi"]
[WhiteElo "1417"]
[BlackElo "1531"]
[PlyCount "54"]
[Result "0-1"]

1.e3 {Hello friend, please to meet you and good 
luck!}  e5 {Hi from Bulgaria...}  2.b3 d5 3.d3 d4 
4.e4 Bb4+ 5.Nd2 Nf6 6.h3 c5 7.g4 h6 8.Ne2 O-O 
9.Ng3 Nc6 10.Bb2 Be6 11.Rg1 Nh7 12.Qf3 Ng5 13.Qg2 
Bxd2+ 14.Kxd2 Qa5+ 15.Kd1 b5 16.Nf5 Rac8 17.h4 Nh7 
18.a4 bxa4 19.Rxa4 Qb6 20.h5 Ng5 21.Kc1 Rc7 22.Kb1 
Rb8 23.Ra3 Nb4 24.Be2 Nxc2 25.Kxc2 Bxb3+ 26.Kd2 
Qb4+ 27.Kc1 Be6 0-1

[Event "HCL-B3882"]
[Site "www.playchess.de"]
[Date "2006.03.23"]
[Round "2"]
[White "Rhiannon"]
[Black "bugeaud"]
[WhiteElo "1200"]
[BlackElo "1500"]
[PlyCount "84"]
[Result "0-1"]

1.e4 d5 2.d3 dxe4 3.d4 e5 4.d5 Nf6 5.c4 c6 6.Nc3 
Bb4 7.Nge2 O-O 8.a3 Bc5 9.b4 Be7 10.Ng3 Bg4 11.Be2 
Qd7 12.O-O c5 13.Bb2 Bxe2 14.Ncxe2 cxb4 15.axb4 
Bxb4 16.Bxe5 Qe7 17.Bxf6 Qxf6 18.Nxe4 Qe5 19.Qd3 
Nd7 20.N2g3 Nc5 21.Nxc5 Bxc5 22.Rfe1 Qc7 23.Ne4 
Bb4 24.d6 Qd7 25.Red1 Rfe8 26.Rac1 a5 27.c5 Qe6 
28.d7 Red8 29.Qd5 Qxd5 30.Rxd5 g6 31.g3 Kg7 32.c6 
bxc6 33.Rxc6 a4 34.Nf6 a3 35.Ne8+ Kf8 36.Nc7 a2 
37.Rc1 a1Q 38.Rdd1 Bc3 39.Nxa8 Qb2 40.Nc7 Bd4 
41.Rdf1 Bxf2+ 42.Kh1 Qb7+ 0-1

[Event "HCL-A2622"]
[Site "www.playchess.de"]
[Date "2006.03.23"]
[Round "6"]
[White "Akkarin"]
[Black "sundfar"]
[WhiteElo "1375"]
[BlackElo "1365"]
[PlyCount "61"]
[Result "1-0"]

1.d3 {Hello from Imardin, Kyralia}  e5 2.Nd2 Nf6 
3.Ngf3 Nc6 4.e4 g6 5.c3 Bg7 6.Qc2 O-O 7.Be2 d6 
8.O-O Re8 9.Rd1 a5 10.Nf1 b6 11.Ng3 Ba6 12.Bg5 h6 
13.Bxf6 Qxf6 14.d4 exd4 15.Nxd4 Nxd4 16.cxd4 c5 
17.Bxa6 Rxa6 18.dxc5 bxc5 19.Rab1 Qd8 20.f3 h5 
21.b3 Bd4+ 22.Kf1 Qb6 23.Qc4 Ra7 24.Ne2 Bf6 25.Rd5 
Rae7 26.Rbd1 R7e6 27.Nf4 R6e5 28.R5xd6 Qc7 29.Rxf6 
Kg7 30.Rfd6 Rg5 31.Nh3 1-0

[Event "HCL-B3866"]
[Site "www.playchess.de"]
[Date "2006.03.23"]
[Round "4"]
[White "schnitzly"]
[Black "Ebaw"]
[WhiteElo "1241"]
[BlackElo "1351"]
[PlyCount "95"]
[Result "1-0"]

1.e4 {Hallo und viel Spass!}  d5 {Dir auch viel 
Spass}  2.exd5 Qxd5 3.Nc3 Qa5 4.d4 Bf5 5.Bd3 e6 
6.Bxf5 Qxf5 7.Nf3 Nf6 8.O-O Nbd7 9.Re1 Bb4 10.a3 
Bxc3 11.bxc3 O-O 12.Qd3 Qxd3 13.cxd3 c5 14.Bg5 h6 
15.Bxf6 Nxf6 16.dxc5 Rac8 17.d4 Rfd8 18.h3 Nd5 
19.Rec1 f6 20.Ra2 Kf7 21.Re2 b6 22.cxb6 axb6 23.c4 
Nf4 24.Rec2 Nd3 25.Rd1 Nf4 26.Ne1 Kg6 27.h4 Kf5 
28.g3 Ng6 29.Kg2 Ke4 30.Re2+ Kf5 31.Kf3 Ne7 32.g4+ 
Kg6 33.Rxe6 Kf7 34.Rxb6 Rxc4 35.Rb4 Rc3+ 36.Rd3 
Rc1 37.Ke2 Nd5 38.Rb7+ Kg6 39.h5+ Kh7 40.Kd2 Rc4 
41.Ng2 Rdc8 42.Ne3 Nxe3 43.Kxe3 R4c3 44.a4 R3c4 
45.a5 Ra4 46.Ra7 Rc2 47.f3 Rca2 
48.d5 1-0

[Event "HCL-C4067"]
[Site "www.playchess.de"]
[Date "2006.03.23"]
[Round "6"]
[White "Clarke"]
[Black "mane_twice"]
[WhiteElo "800"]
[BlackElo "800"]
[PlyCount "64"]
[Result "0-1"]

1.d4 d5 2.e3 Nf6 3.Nf3 e6 4.Nbd2 Bd6 5.b3 c5 6.Bb2 
Nbd7 7.Bb5 O-O 8.O-O Be7 9.Ng5 Ne8 10.Ngf3 f5 
11.c4 Bf6 12.Ba3 Be7 13.Ne5 Nxe5 14.dxe5 Nc7 
15.Nf3 Nxb5 16.Qc1 Nxa3 17.Qxa3 b6 18.Rad1 Bb7 
19.Qa4 Qe8 20.Qxe8 Raxe8 21.a4 a5 22.Rd3 Red8 
23.g3 dxc4 24.Rdd1 Bxf3 25.Rde1 cxb3 26.Reb1 Rd3 
27.Rfe1 Rfd8 28.Rec1 R3d1+ 29.Rcxd1 Rxd1+ 30.Rxd1 
Bxd1 31.Kf1 b2 32.Ke1 b1Q 0-1

[Event "HCL-T265"]
[Site "www.playchess.de"]
[Date "2006.03.23"]
[Round "14"]
[White "richard"]
[Black "Genesio"]
[WhiteElo "1959"]
[BlackElo "1037"]
[PlyCount "24"]
[Result "1-0"]

1.e4 e5 2.Nf3 Nc6 3.Bb5 a6 4.Bxc6 dxc6 5.O-O Bd6 
6.d4 Bg4 7.dxe5 Bxf3 8.Qxf3 Bxe5 9.Nd2 Nf6 10.Nc4 
Bd4 11.Rd1 Bxf2+ 12.Kxf2 Qxd1 1-0

[Event "HCL-C4123"]
[Site "www.playchess.de"]
[Date "2006.03.23"]
[Round "17"]
[White "Littlearza"]
[Black "JMD"]
[WhiteElo "1585"]
[BlackElo "1280"]
[PlyCount "79"]
[Result "0-1"]

1.e4 e5 {helli from Paris}  2.Bc4 Bc5 {hello from 
Paris}  3.d3 {Hello From Fortaleza |Brasil i miss 
Paris, good luck}  a6 4.Qf3 Nf6 5.Bg5 b5 6.Bb3 a5 
7.Nc3 a4 8.Nd5 Be7 9.Nxe7 Qxe7 10.Bd5 c6 11.Nh3 
cxd5 12.exd5 Qb4+ 13.c3 Qxb2 14.O-O Qa3 15.Bxf6 
O-O 16.Bxe5 f6 17.Bf4 Qxc3 18.Qg3 Na6 19.Bh6 Rf7 
20.Rae1 Bb7 21.d6 g6 22.Nf4 Kh8 23.Re7 Rxe7 
24.dxe7 Nc7 25.Ne2 Qc2 26.Nf4 Rg8 27.Qh3 Bc6 
28.Bf8 Ne8 29.d4 Qxa2 30.d5 Bxd5 31.Qxd7 Bf7 
32.Rc1 Qb2 33.Nd3 Qb3 34.h3 a3 35.Rc8 a2 36.Nc1 
a1Q 37.Qc6 Qb4 38.Ra8 Qe1+ 39.Kh2 Qae5+ 
40.g3 0-1

[Event "HCL-A2632"]
[Site "www.playchess.de"]
[Date "2006.03.23"]
[Round "1"]
[White "stevetilbury"]
[Black "vevivi"]
[WhiteElo "1607"]
[BlackElo "1833"]
[PlyCount "38"]
[Result "0-1"]

1.e4 c6 {Hello, good game!}  2.d4 {Hello from 
London, Thanks I look forward to an interesting 
game}  d5 3.exd5 cxd5 4.Bd3 Nf6 5.c3 Bg4 6.Qb3 Qc7 
7.Ne2 Bxe2 8.Bxe2 e6 9.g3 Bd6 10.Nd2 Nbd7 11.Nf3 
O-O 12.Bd2 Ne4 13.Ng5 Nxd2 14.Kxd2 Nf6 15.f4 Bxf4+ 
16.gxf4 Qxf4+ 17.Kc2 Qxg5 18.Rag1 Qe3 19.Bd3 
Ne4 0-1

[Event "HCL-B3969"]
[Site "www.playchess.de"]
[Date "2006.03.23"]
[Round "9"]
[White "chn"]
[Black "splatty42"]
[WhiteElo "1173"]
[BlackElo "1200"]
[PlyCount "37"]
[Result "1-0"]

1.e4 c5 2.Bc4 Nc6 3.Nf3 e6 4.d4 Qa5+ 5.Bd2 Qb6 
6.d5 Nd4 7.Nxd4 cxd4 8.b3 exd5 9.Bxd5 Nf6 10.Qf3 
Nxd5 11.exd5 Qc5 12.O-O Qxc2 13.Re1+ Kd8 14.Qxf7 
Qg6 15.Re8+ Kc7 16.Qf4+ Kb6 17.Qxd4+ Bc5 18.Qa4 
Qxe8 19.Qa5+ 1-0

[Event "HCL-A2629"]
[Site "www.playchess.de"]
[Date "2006.03.23"]
[Round "22"]
[White "victorabiodun03"]
[Black "mrchess"]
[WhiteElo "1596"]
[BlackElo "1436"]
[PlyCount "23"]
[Result "1-0"]

1.f4 e6 2.Nf3 Nf6 3.e3 d5 4.d4 a6 5.Bd3 Nc6 6.c3 
Ne4 7.Nbd2 f5 8.O-O h6 9.Bxe4 fxe4 10.Ne5 Nxe5 
11.fxe5 Bd7 12.Qh5+ 1-0

[Event "HCL-A2632"]
[Site "www.playchess.de"]
[Date "2006.03.23"]
[Round "4"]
[White "stevetilbury"]
[Black "grannialex"]
[WhiteElo "1607"]
[BlackElo "1840"]
[PlyCount "52"]
[Result "0-1"]

1.e4 {Hello from London}  e6 {hello from austria, 
but now in switzerland}  2.d4 d5 3.Nc3 Bb4 4.e5 c5 
5.a3 Bxc3+ 6.bxc3 Ne7 7.Qg4 Qc7 8.Qxg7 Rg8 9.Qxh7 
cxd4 10.Ne2 Nbc6 11.f4 Bd7 12.Qd3 dxc3 13.Rb1 d4 
14.Ng3 O-O-O 15.Ne4 Nxe5 16.fxe5 Qxe5 17.Be2 Rxg2 
18.Bf3 Rg7 19.Kd1 Bc6 20.h4 Nf5 21.Qc4 Ne3+ 
22.Bxe3 dxe3+ 23.Ke2 Rd4 24.Qc5 Rxe4 25.Qf8+ Kc7 
26.Rhd1 Qh2+ 0-1

[Event "HCL-B3871"]
[Site "www.playchess.de"]
[Date "2006.03.23"]
[Round "8"]
[White "foresttree"]
[Black "ama49"]
[WhiteElo "1200"]
[BlackElo "1138"]
[PlyCount "32"]
[Result "0-1"]

1.d3 e5 {Greetings from Scotland}  2.e3 d5 3.d4 
exd4 4.Qxd4 Nc6 5.Qd1 Nf6 6.Bb5 Bd7 7.Bxc6 Bxc6 
8.Ne2 Bb4+ 9.c3 Ba5 10.O-O Bb5 11.e4 dxe4 12.Qxd8+ 
Rxd8 13.Bf4 O-O 14.Bxc7 Bxc7 15.Nd4 Bxf1 16.Kxf1 
Be5 0-1

[Event "HCL-B3935"]
[Site "www.playchess.de"]
[Date "2006.03.23"]
[Round "6"]
[White "djpnola"]
[Black "Littlearza"]
[WhiteElo "1067"]
[BlackElo "1488"]
[PlyCount "60"]
[Result "0-1"]

1.f4 {Hello.}  d5 2.d4 e6 3.Nf3 c5 4.e3 c4 5.Nc3 
h6 6.e4 f6 7.e5 Nc6 8.Be3 g5 9.Be2 g4 10.Nh4 fxe5 
11.Ng6 Qf6 12.Nxh8 exd4 13.Nb5 dxe3 14.Nc7+ Kd8 
15.Nxa8 Qxf4 16.Bf3 gxf3 17.Qxf3 Qd4 18.Qxf8+ Kd7 
19.Qg7+ Qxg7 20.O-O {A milliscond after I clicked 
"move," I realized the error of my ways.}  Nf6 
21.Rae1 d4 22.h3 Qxh8 23.c3 Ne4 24.Rf7+ Kd6 
25.cxd4 Qxd4 26.Nc7 e2+ 27.Kh2 Qd1 28.Ne8+ Ke5 
29.Rxe2 Qxe2 30.Nf6 Nxf6 0-1

[Event "HCL-A2645"]
[Site "www.playchess.de"]
[Date "2006.03.23"]
[Round "34"]
[White "baggur"]
[Black "shadow_cup"]
[WhiteElo "1560"]
[BlackElo "1452"]
[PlyCount "59"]
[Result "1-0"]

1.e4 {hello}  e6 {hello - have a good game}  2.d4 
c5 3.d5 g6 4.c4 Bg7 5.Bd3 a6 6.Ne2 Nf6 7.e5 Ng4 
8.f4 exd5 9.cxd5 O-O 10.O-O b5 11.h3 Nh6 12.d6 Nc6 
13.Nbc3 f5 14.Nd5 Bb7 15.Bc2 a5 16.Nc7 Rb8 17.Nxb5 
Ba6 18.Bb3+ Nf7 19.Nc7 Bxe2 20.Qxe2 Kh8 21.Be3 c4 
22.Qxc4 Rb4 23.Qd5 Re4 24.Bb6 Qh4 25.e6 Nb4 26.Qd2 
dxe6 27.Nxe6 Rb8 28.Bxa5 Nc6 29.Nxg7 Kxg7 
30.Bc3+ 1-0

[Event "HCL-B3960"]
[Site "www.playchess.de"]
[Date "2006.03.23"]
[Round "10"]
[White "Nutjob"]
[Black "MrM"]
[WhiteElo "1568"]
[BlackElo "1262"]
[PlyCount "113"]
[Result "1-0"]

1.e4 {Greetings from Tennessee. I wish you a good 
game!}  e5 {Hello from Pennsylvania.  Best 
wishes.}  2.Nf3 Nc6 3.Bc4 Bc5 4.O-O Nf6 5.d4 exd4 
6.e5 Ne4 7.Re1 Nxf2 8.Kxf2 d3+ 9.Kf1 dxc2 10.Qxc2 
O-O 11.Ng5 g6 12.Ne4 Be7 13.Bh6 Nxe5 14.Bxf8 Qxf8 
15.Bb3 c6 16.Qe2 d5 17.Ng3 Bd6 18.Nd2 Bg4 19.Qe3 
f6 20.Nde4 Bb4 21.Rec1 Kh8 22.Nf2 Bd7 23.Kg1 b6 
24.Rcd1 Be6 25.Qe2 Bc5 26.Kh1 Bxf2 27.Qxf2 Ng4 
28.Qd2 Qc5 29.Rdf1 Re8 30.Rae1 a5 31.h3 Qd6 32.Qf4 
Qxf4 33.Rxf4 Ne5 34.Rxf6 Bd7 35.Rd6 Nf7 36.Rxe8+ 
Bxe8 37.Re6 Nd6 {What is your RL rating?}  38.Rxd6 
Kg7 39.Rd8 {My real rating is 1500 USCF. 
Interesting middlegame, I think you would have 
prevailed if you had rolled your center pawns down 
supported by your pieces. Have you been to 
chessworld.net? I play a lot there as e4forme. 
It's a great site with many features!}  Kf7 {I 
have not been to the site yet.  I will have to 
check it out.  I did think that I was in decent 
shape with pawns for the piece (slightly down) 
until you won the exchange.  I need to look at 
where I had a tempo to start the pawns.}  40.a4 
Ke7 41.Rb8 Bf7 42.Rxb6 Kd6 43.Rb7 Be6 44.Rxh7 Kc5 
45.Rg7 Bf5 46.Nxf5 gxf5 47.h4 Kb4 48.Bd1 c5 49.h5 
d4 50.h6 c4 51.h7 c3 52.bxc3+ Kxc3 53.h8Q f4 
54.Rc7+ Kd3 55.Qe5 {Looks Terminal my 
friend...Don't forget to look me up at 
chessworld.net 
I play there as e4forme :-)}  f3 {I signed up the 
other day as lotn66.  And yes....I think it just 
about over.}  56.gxf3 {Great! I'll look you up, I 
am a member coach there BTW. Mate in 1, Good 
Game.}  Kd2 {Qe2#    Enjoy your 
evening.
}  57.Qe2+ 1-0

[Event "HCL-M888"]
[Site "www.playchess.de"]
[Date "2006.03.23"]
[Round "23"]
[White "PieceSeeker3"]
[Black "mikmet"]
[WhiteElo "1620"]
[BlackElo "2343"]
[PlyCount "20"]
[Result "0-1"]

1.e4 {Hello, its an honor to be in this Tourny}  
c6 2.Nc3 d5 3.d4 dxe4 4.Nxe4 Bf5 5.Ng3 Bg6 6.Nf3 
Nf6 7.Bc4 e6 8.O-O Nbd7 9.Re1 Bd6 10.Ne5 
Nd5 0-1

[Event "HCL-A2663"]
[Site "www.playchess.de"]
[Date "2006.03.23"]
[Round "6"]
[White "PhilipKaveny"]
[Black "ventura72"]
[WhiteElo "1336"]
[BlackElo "1600"]
[PlyCount "70"]
[Result "1/2-1/2"]

1.e4 g6 2.f4 d5 3.e5 Bg7 4.Nf3 Bg4 5.d4 e6 6.h3 
Bxf3 7.Qxf3 Ne7 8.Bd3 Nd7 9.O-O c5 10.dxc5 Nxc5 
11.Bb5+ Nd7 12.Bd3 O-O 13.Nc3 a6 14.Ne2 Nc5 15.Be3 
Nxd3 16.cxd3 Nf5 17.g4 Nxe3 18.Qxe3 Qd7 19.d4 Rfc8 
20.Rac1 Bf8 21.Nc3 Bb4 22.Rc2 Bxc3 23.Rxc3 Rxc3 
24.bxc3 Rc8 25.Rc1 Qa4 26.Qd2 Qa3 27.Rc2 b5 28.f5 
Qe7 29.f6 Qf8 30.Kg2 Rc4 31.Kg3 Qc8 32.Qh6 Qf8 
33.Qxf8+ {(offering draw)}  Kxf8 34.a3 Ke8 35.Kf3 
Kd7 {(offering draw)}  1/2-1/2